MARC details
| 000 -LEADER |
| fixed length control field |
01619cab a2200349 4500 |
| 001 - CONTROL NUMBER |
| control field |
ABS43709 |
| 008 - FIXED-LENGTH DATA ELEMENTS--GENERAL INFORMATION |
| fixed length control field |
090401t1990 xxu||||| |||| 00| 0 eng d |
| 035 ## - SYSTEM CONTROL NUMBER |
| System control number |
(Sirsi) u43125 |
| 041 ## - LANGUAGE CODE |
| Language code of text/sound track or separate title |
eng |
| 245 ## - TITLE STATEMENT |
| Title |
Quarterly round up |
| 260 ## - PUBLICATION, DISTRIBUTION, ETC. |
| Date of publication, distribution, etc. |
1990 |
| 350 ## - PRICE (NR) (BK AM CF MU VM SE) [OBSOLETE] |
| Price |
0 |
| 490 ## - SERIES STATEMENT |
| Series statement |
Architects` Journal |
| Volume/sequential designation |
192(19) 7 November 1990, 73-75(3) |
| 520 ## - SUMMARY, ETC. |
| Summary, etc. |
Summarises recent case law of interest to architects and surveyors . These include Oxford University Press v John Stedman Design Group and others (43031); Elle Ltd v Manches and others (1990 EGCS 81) and Rosehaugh Stanhope (Broadgate Phases 6&7) v Redpath Dorman Long (43444) and Modern Trading Company Ltd v Swale Building and Construction Ltd (1990 Const LJ 251). |
| 650 ## - SUBJECT ADDED ENTRY--TOPICAL TERM |
| Topical term or geographic name entry element |
MANAGEMENT-DISPUTE AVOIDANCE, MANAGEMENT AND RESOLUTION-DISPUTE MANAGEMENT AND RESOLUTION-ARBITRATION |
| 650 ## - SUBJECT ADDED ENTRY--TOPICAL TERM |
| Topical term or geographic name entry element |
ARISTON SRL V CHARLY RECORDS LTD |
| 650 ## - SUBJECT ADDED ENTRY--TOPICAL TERM |
| Topical term or geographic name entry element |
BLACKPOOL AND FYLDE AERO CLUB LTD V BLACKPOOL BC |
| 650 ## - SUBJECT ADDED ENTRY--TOPICAL TERM |
| Topical term or geographic name entry element |
BOND CONSTRUCTION LTD V MEIR NUTMAN AND ANOTHER |
| 650 ## - SUBJECT ADDED ENTRY--TOPICAL TERM |
| Topical term or geographic name entry element |
CHARLOTTE THIRTY LTD AN BISON LTD V CROKER LTD |
| 650 ## - SUBJECT ADDED ENTRY--TOPICAL TERM |
| Topical term or geographic name entry element |
DAMAGES |
| 650 ## - SUBJECT ADDED ENTRY--TOPICAL TERM |
| Topical term or geographic name entry element |
DERBY AND CO LTD V WELDON |
| 650 ## - SUBJECT ADDED ENTRY--TOPICAL TERM |
| Topical term or geographic name entry element |
EMPIRNALL HOLDINGS PTY LTD V MACHON PAULL PARTNERS PTD LTD |
| 650 ## - SUBJECT ADDED ENTRY--TOPICAL TERM |
| Topical term or geographic name entry element |
GRANGES ALUMINIUM AB V CLEVELAND BRIDGE AND ENGINEERING CO LTD |
| 650 ## - SUBJECT ADDED ENTRY--TOPICAL TERM |
| Topical term or geographic name entry element |
ISLINGTON LBC V TURRIFF CONSTRUCTION LTD |
| 650 ## - SUBJECT ADDED ENTRY--TOPICAL TERM |
| Topical term or geographic name entry element |
MINTFAIR LTD V HUNTER AND PARTNERS |
| 650 ## - SUBJECT ADDED ENTRY--TOPICAL TERM |
| Topical term or geographic name entry element |
MORGAN CRUCIBLE CO V HILL SAMUEL BANK LTD |
| 650 ## - SUBJECT ADDED ENTRY--TOPICAL TERM |
| Topical term or geographic name entry element |
MOTTRAM CONSULTANTS LTD V BERNARD SUNLEY AND SONS |
| 650 ## - SUBJECT ADDED ENTRY--TOPICAL TERM |
| Topical term or geographic name entry element |
SMITH V ERIC S BUSH |
| 690 ## - LOCAL SUBJECT ADDED ENTRY--TOPICAL TERM (OCLC, RLIN) |
| Topical term or geographic name as entry element |
LAW |
| 942 ## - ADDED ENTRY ELEMENTS (KOHA) |
| Suppress in OPAC |
0 |
| 948 ## - LOCAL PROCESSING INFORMATION (OCLC); SERIES PART DESIGNATOR (RLIN) |
| c (OCLC) |
04/03/1997 |